Individual onsite waste water systems:Proceedings of the third national conference-1976 / (Record no. 10661)
[ view plain ]
| 000 -LEADER | |
|---|---|
| fixed length control field | 00486cam a2200169ua 4500 |
| 020 ## - INTERNATIONAL STANDARD BOOK NUMBER | |
| ISBN | 0 250 40156 8 |
| 041 ## - LANGUAGE CODE | |
| Language code of text/sound track or separate title | eng |
| 082 ## - DEWEY DECIMAL CLASSIFICATION NUMBER | |
| Classification number | 628.11 |
| Item number | MCC/IN |
| 100 ## - MAIN ENTRY--AUTHOR NAME | |
| Personal name | Mcclelland, Nina . |
| 245 ## - TITLE STATEMENT | |
| Title | Individual onsite waste water systems:Proceedings of the third national conference-1976 / |
| 260 ## - PUBLICATION, DISTRIBUTION, ETC. (IMPRINT) | |
| Place of publication | : |
| Name of publisher | Ann Arbor science , |
| Year of publication | 1977. |
| 300 ## - PHYSICAL DESCRIPTION | |
| Number of Pages | 320 ; . |
| 500 ## - GENERAL NOTE | |
| General note | ** Reference |
| 942 ## - ADDED ENTRY ELEMENTS (KOHA) | |
| Koha item type | Books |
| Withdrawn status | Lost status | Damaged status | Home library | Current library | Date acquired | Full call number | Accession Number | Koha item type |
|---|---|---|---|---|---|---|---|---|
| KAUAET | KAUAET | 07/04/2012 | 628.11 | 16785 | Reference |
